000
00281nam a22001337a 4500
008
171227b xxu||||| |||| 00| 0 eng d
020
_a
9780072960617
041
_a
eng
080
_a
28
100
_a
33
101
_a
BUS
245
_a
BUSINESS LAW
_c
BROWN.G.H
942
_2
udc
_c
BK
999
_c
39468
_d
39468